000 00438nam a22001457a 4500
999 _c3652
_d3652
008 200624b ||||| |||| 00| 0 eng d
020 _a928011073X
082 0 0 _a629.3
_bI339
110 _976
_aInternational Maritime Organization
245 1 0 _aCode of Safety for Dynamically Supported Craft /
260 _aLondon
_bInternational Maritime Organization
_c1978
300 _a80 p.
650 0 _aPassenger Ships
_xSafety Measures
942 _cBK